Central Library, Doon University
WEBOPAC (ONLINE PUBLIC ACCESS CATALOGUE)

Understanding Physics Mechanics (Record no. 60240)

MARC details
000 -LEADER
fixed length control field 00461nam a22001817a 4500
005 - DATE & TIME
control field 20260204160328.0
008 - FIXED-LENGTH DATA ELEMENTS--GENERAL INFORMATION
fixed length control field 260204b |||||||| |||| 00| 0 eng d
020 ## - ISBN
International Standard Book Number 9789368406419
Price 625.00
040 ## - CATALOGING SOURCE
Original cataloging agency Doon University
041 ## - Language
Language English
082 ## - DDC NUMBER
Classification number 531
Book Number PAN
100 ## - MAIN ENTRY--PERSONAL NAME
Personal name Pandey, D.C.
245 ## - TITLE STATEMENT
Title Understanding Physics Mechanics
Sub Title : JEE Main And Advanced
260 ## - PUBLICATION, DISTRIBUTION, ETC. (IMPRINT)
Place of publication, distribution, etc Meerut
Name of publisher, distributor, etc Arihant
300 ## - PHYSICAL DESCRIPTION
Pages 613
Other Details Vol.2nd
650 ## - Subject
Subject Physics
942 ## - ADDED ENTRY ELEMENTS (KOHA)
Koha item type Books
100 ## - MAIN ENTRY--PERSONAL NAME
-- 4555
952 ## - LOCATION AND ITEM INFORMATION (KOHA)
-- 2026-02-04
952 ## - LOCATION AND ITEM INFORMATION (KOHA)
-- 2026-02-04
952 ## - LOCATION AND ITEM INFORMATION (KOHA)
-- 2026-02-04
Holdings
Withdrawn status Lost status Source of classification or shelving scheme Damaged status Not for loan Location (home branch) Sublocation or collection (holding branch) Date acquired Koha full call number Accession No. Koha date last seen Koha item type Koha issues (times borrowed)
        Not For Loan Doon University Doon University 04.02.2026 531 PAN 52131 04.02.2026 Reference  
          Doon University Doon University 04.02.2026 531 PAN 52132 04.02.2026 Books  
          Doon University Doon University 04.02.2026 531 PAN 52133 04.02.2026 Books  
Contact : +91-135-2533126 (Library),+91-135-2533105 (Admin Office) , Email : doonlibrary@gmail.com

Powered by Koha